WWE Superstars that have Competed in Hell in a Cell - Statistics

General Stats
  • This quiz has been taken 1,121 times
    929 since last reset
  • The average score is 27 of 44
Answer Stats
# First entry Superstar % Correct
13 1997 Undertaker
97%
6 2000 Triple H
91%
4 2009 John Cena
90%
3 1998 Kane
89%
6 2005 Randy Orton
89%
2 2015 Roman Reigns
87%
2 2014 Seth Rollins
86%
1 2000 The Rock
82%
1 2008 Edge
81%
5 2009 CM Punk
80%
1 2014 Dean Ambrose
80%
3 1998 Mankind
80%
4 1997 Shawn Michaels
79%
2 2002 Brock Lesnar
78%
2 2005 Batista
71%
1 2006 Big Show
71%
1 2002 Chris Jericho
71%
2 1998 Steve Austin
68%
1 2015 Bray Wyatt
65%
1 2016 Charlotte Flair
63%
2 2011 Alberto Del Rio
61%
1 2010 Sheamus
60%
1 2000 Rikishi
59%
1 2013 Daniel Bryan
58%
1 2016 Sasha Banks
58%
1 2000 Kurt Angle
57%
3 2006 Shane McMahon
57%
2 2016 Kevin Owens
55%
1 2017 Big E
51%
1 2017 Jey Uso
51%
1 2017 Jimmy Uso
51%
2 2012 Ryback
51%
1 2011 Mark Henry
50%
1 2017 Xavier Woods
47%
1 2009 Cody Rhodes
46%
1 2006 Vince McMahon
45%
1 2011 Dolph Ziggler
42%
1 2002 Kevin Nash
38%
1 1999 Big Boss Man
37%
1 2000 Cactus Jack
37%
1 2016 Rusev
37%
1 2009 Ted DiBiase
37%
1 2011 Jack Swagger
29%
1 2013 Paul Heyman
17%
No matching quizzes found
Score Distribution
Percent of People with Each Score
Percentile by Number Answered
Your Score History
You have not taken this quiz since the last reset